| 000 | 00891cam a22002291i 4500 | ||
|---|---|---|---|
| 082 |
_a625.84 _bSMI _cL-15, P-3. |
||
| 100 | 1 |
_aSmith, Richard Albert Belcham. [from old catalog] _943844 |
|
| 245 | 1 | 0 |
_aDesign and construction of concrete roads / _cby R.A.B. Smith and T.R. Grigson. |
| 250 | _a2nd ed. | ||
| 260 |
_aWestminster [London] : _bConcrete Publications Ltd., _c[1946]. |
||
| 300 |
_aviii, 208 p. : _bfront., ill, diagrs. ; _c25 cm. |
||
| 490 | 0 | _aConcrete series | |
| 500 | _a"First edition ... 1934. Second (rewritten) edition 1946." | ||
| 500 | _aPages 163-208, advertising matter. | ||
| 526 |
_a0 _b0 _c0 _d625_840000000000000_SMI |
||
| 526 |
_a0 _b0 _c0 _d625_840000000000000_SMI |
||
| 526 |
_a0 _b0 _c0 _d625_840000000000000_SMI |
||
| 650 | 0 |
_aMCE _9379 |
|
| 650 | 0 |
_aRoads, Concrete. _943845 |
|
| 700 | 1 |
_aGrigson, Thomas Reginald, [from old catalog] _943846 |
|
| 942 |
_2ddc _cBK |
||
| 999 |
_c547698 _d547698 |
||